| 000 | 01242cam a2200373 a 4500 | ||
|---|---|---|---|
| 001 | 22406 | ||
| 003 | SK-KTurca | ||
| 005 | 20260327152906.0 | ||
| 008 | 240314s2013 xo e 000 f slo | ||
| 015 | _aSNBA2013/07 | ||
| 020 |
_a9788055133874 _q(viaz.) |
||
| 035 | _a102929E2-C590-4F6F-BB62-578A12AF3EED | ||
| 035 | _aurn:nbn:sk:snk-amjnle | ||
| 035 | _aurn:nbn:sk:snk-am000wui | ||
| 040 |
_aTVZK _bslo _cTVZK _dSNK _eAACR2 |
||
| 041 | 1 |
_aslo _heng |
|
| 044 |
_axo _cSK |
||
| 072 | 7 |
_a821.111(73)-3 _xAmerická próza _2konspekt |
|
| 080 |
_a821.111(73)-31 _22001 |
||
| 080 |
_a(0:82-312.5) _22001 |
||
| 100 | 1 |
_aKleypas, Lisa, _d1964- _4aut |
|
| 240 | 1 | 0 |
_aDream Lake _lSlovensky |
| 245 | 1 | 0 |
_aJazero snov vo Friday Harbore _n[3] _cLisa Kleypasová ; [z anglického originálu preložil Otakar Kořínek] |
| 250 | _a[1. vyd.] | ||
| 260 |
_aBratislava _bIkar _c2013 |
||
| 300 |
_a244 s. _c21 cm |
||
| 500 | _aTretia časť príbehov odohrávajúcich sa v prímorskom mestečku Friday Harbor | ||
| 655 | 7 |
_aamerické romány _2SNKPH |
|
| 655 | 7 |
_aAmerican fiction _2SNKPHeng |
|
| 655 | 7 |
_aLove novels _2SNKPHeng |
|
| 655 | 7 |
_aľúbostné romány _2SNKPH |
|
| 700 | 1 |
_aKořínek, Otakar, _d1946-2025 _4trl |
|
| 942 |
_2ddc _cKLDO _n0 |
||
| 999 |
_c22406 _d22406 |
||